000 00506nam a2200181Ia 4500
005 20250508150528.0
008 008 250505s9999 xx 000 0 eng d
037 _aTextual
040 _aFEDL
_beng
_cFEDL
041 _aeng
_2eng
084 _a378.73, BEC
_qFEDL
100 _aBeck Hubert Park
_992955
245 0 _aMen who control our universities
260 _aNew York, USA
_bKing's Crown Press
_c1947
300 _a229p.
942 _cTEXL
_h378.73, BEC
999 _c1324109
_d1324109